00660nam a2200217Ia 4500003000400000005001700004008004100021020001800062040001800080041000800098082002000106100001800126245009200144250001200236260007000248300002900318650002900347650002200376650002400398700002000422OSt20251104092933.0210716s2017 xx 000 0 und d a9789352134892 cAIMIT LIBRARY aeng a005.8 21bLISA aLiska, Allan. aRansomware : bdefending against digital extortion /cBy Allan Liska and Timothy Gallo. a1st ed. aNew Delhi :bShroff Publishers and Distributors Pvt Ltd ,c2017. axii,173p. ;bPBc23.4 cm aUnderstanding ransomware aDefensive tactics aRansomware families aGallo, Timothy.